|
|
|
|
| LEADER |
01830nam a2200373Ia 4500 |
| 001 |
EBC3377923 |
| 003 |
MiAaPQ |
| 005 |
20200520144314.0 |
| 006 |
m o d | |
| 007 |
cr cn||||||||| |
| 008 |
020212s2002 dcuab sb f000 0 eng d |
| 010 |
|
|
|z 2002019966
|
| 020 |
|
|
|z 0309072484 (pbk.)
|
| 035 |
|
|
|a (MiAaPQ)EBC3377923
|
| 035 |
|
|
|a (Au-PeEL)EBL3377923
|
| 035 |
|
|
|a (CaPaEBR)ebr10078689
|
| 035 |
|
|
|a (OCoLC)923274185
|
| 040 |
|
|
|a MiAaPQ
|c MiAaPQ
|d MiAaPQ
|
| 050 |
|
4 |
|a TL724
|b .N38 2002
|
| 082 |
0 |
4 |
|a 387.7/3/0973
|2 21
|
| 110 |
2 |
|
|a National Research Council (U.S.).
|b Transportation Research Board.
|b Committee for a Study of Public-Sector Requirements for a Small Aircraft Transportation System.
|
| 245 |
1 |
0 |
|a Future flight
|h [electronic resource] :
|b a review of the small aircraft transportation system concept /
|c Committee for a Study of Public-Sector Requirements for a Small Aircraft Transportation System, Transportation Research Board, National Research Council.
|
| 260 |
|
|
|a Washington, D.C. :
|b National Academy Press,
|c c2002.
|
| 300 |
|
|
|a xv, 122 p. :
|b ill., map.
|
| 490 |
1 |
|
|a Special report / Transportation Research Board, National Research Council ;
|v 263
|
| 504 |
|
|
|a Includes bibliographical references.
|
| 533 |
|
|
|a Electronic reproduction. Ann Arbor, MI : ProQuest, 2015. Available via World Wide Web. Access may be limited to ProQuest affiliated libraries.
|
| 650 |
|
0 |
|a Local service airlines
|z United States.
|
| 650 |
|
0 |
|a Aeronautics, Commercial
|z United States
|x Planning.
|
| 650 |
|
0 |
|a Air travel
|z United States.
|
| 655 |
|
4 |
|a Electronic books.
|
| 710 |
2 |
|
|a ProQuest (Firm)
|
| 830 |
|
0 |
|a Special report (National Research Council (U.S.). Transportation Research Board) ;
|v 263.
|
| 856 |
4 |
0 |
|u https://ebookcentral.proquest.com/lib/matrademy/detail.action?docID=3377923
|z Click to View
|